| 000 | 008050000a22002050004500 | ||
|---|---|---|---|
| 090 |
_aAR _b00300 |
||
| 111 | 2 |
_aSimposio sobre plantas medicinales y/o tóxicas _foctubre 24-28, 1994 _997947 |
|
| 245 | 1 | 0 | _aComunidades colonas, indígenas y campesinas, conocedores de los recursos vegetales de las selvas y montañas colombianas |
| 650 | 1 | 4 |
_aPlantas útiles _992936 |
| 650 | 1 | 4 |
_aEtnobotánica _992498 |
| 650 | 1 | 4 |
_aConocimiento tradicional _992244 |
| 650 | 1 | 4 |
_aIndígenas _993177 |
| 650 | 1 | 4 |
_aCampesinos _94773 |
| 650 | 1 | 4 |
_aColonos _995325 |
| 651 | 4 |
_pColombia _992749 |
|
| 041 | 0 | _aEspañol | |
| 100 | 1 |
_aPinilla Moreno, Nelson _997948 |
|
| 942 | _cARTICULO | ||
| 773 | 1 |
_tSimposio sobre plantas medicinales y/o tóxicas _kexposición regional de plantas medicinales _mFebrero _h3-4 _q383-392 _d1967 _gXLII |
|
| 999 |
_c13133 _d13133 |
||